Sefer Zikhron devarim : (Record no. 33867)

MARC details
000 -LEADER
fixed length control field 01904cam a2200385 a 4500
001 - CONTROL NUMBER
control field he 68003358
003 - CONTROL NUMBER IDENTIFIER
control field DLC
005 - DATE AND TIME OF LATEST TRANSACTION
control field 20260227111505.0
008 - FIXED-LENGTH DATA ELEMENTS--GENERAL INFORMATION
fixed length control field 910313r19661870is 00010 heb
010 ## - LIBRARY OF CONGRESS CONTROL NUMBER
LC control number he 68003358
035 ## - SYSTEM CONTROL NUMBER
System control number (CStRLIN)DCLH91-B720
040 ## - CATALOGING SOURCE
Original cataloging agency DLC-R
Transcribing agency DLC-R
Modifying agency DLC-R
-- DLC
050 00 - LIBRARY OF CONGRESS CALL NUMBER
Classification number BM522.21
Item number .L4 1966
066 ## - CHARACTER SETS PRESENT
Alternate G0 or G1 character set (2
100 0# - MAIN ENTRY--PERSONAL NAME
Linkage 880-01
Personal name Aleksander Sender,
Dates associated with a name -1818.
240 10 - UNIFORM TITLE
Linkage 880-02
Uniform title Zikhron devarim
245 10 - TITLE STATEMENT
Linkage 880-03
Title Sefer Zikhron devarim :
Remainder of title derushim niflaʼim, beʼurim u-ferushim bi-fesuḳe Tanakh u-midreshe Ḥazal, beʼurim ba-Rambam uve-Z. ha-ḳ. /
Statement of responsibility, etc. she-ḥibber Aleksander Sender.
260 ## - PUBLICATION, DISTRIBUTION, ETC.
Linkage 880-04
Place of publication, distribution, etc. Yerushalayim :
Name of publisher, distributor, etc. Be-hotsʼot ha-Yeshivah "Hekhal ha-berakhah-ṿe-Dameśeḳ Eliʻezer",
Date of publication, distribution, etc. 1879 [1966 or 1967]
300 ## - PHYSICAL DESCRIPTION
Extent 2 v. ;
Dimensions 20-23 cm.
500 ## - GENERAL NOTE
General note Cover title: Zikhron devarim.
500 ## - GENERAL NOTE
General note Vol. 2 published: Prezemishel : Deruḳ des A. Zafniḳ eṭ. Ḳnaller, 1879.
500 ## - GENERAL NOTE
General note Vol. 1 published: 727.
500 ## - GENERAL NOTE
General note Vol. 2 includes material by Isaac Judah Jehiel Safrin.
500 ## - GENERAL NOTE
General note Vol. 1 originally published: Levov, 731 [1870 or 1871].
650 #0 - SUBJECT ADDED ENTRY--TOPICAL TERM
Topical term or geographic name entry element Responsa
Chronological subdivision 1800-1948.
650 #0 - SUBJECT ADDED ENTRY--TOPICAL TERM
Topical term or geographic name entry element Cabala.
700 1# - ADDED ENTRY--PERSONAL NAME
Linkage 880-05
Personal name Safrin, Isaac Judah Jehiel,
Dates associated with a name 1806-1874.
740 0# - ADDED ENTRY--UNCONTROLLED RELATED/ANALYTICAL TITLE
Linkage 880-06
Uncontrolled related/analytical title Zikhron devarim.
880 0# - ALTERNATE GRAPHIC REPRESENTATION
Linkage 100-01/(2/r
a אלכסנדר.
880 10 - ALTERNATE GRAPHIC REPRESENTATION
Linkage 240-02/(2/r
a זכרון דברים
880 10 - ALTERNATE GRAPHIC REPRESENTATION
Linkage 245-03/(2/r
a ספר זכרון דברים :
b דרושים נפלאים, ביאורים ופירושים בפסוקי תנ״ך ומדרשי חז״ל, ביאורים ברמב״ם ובזוה״ק /
c שחיבר אלכסנדר סנדר.
880 ## - ALTERNATE GRAPHIC REPRESENTATION
Linkage 260-04/(2/r
a ירושלים :
b בהוצאות הישיבה ״היכל הברכה־ודמשק אליעזר״,
c 1879 [1966 or 1967].
880 0# - ALTERNATE GRAPHIC REPRESENTATION
Linkage 700-05/(2/r
a יצחק יהודה יחיאל,
c מקאמרנא.
880 0# - ALTERNATE GRAPHIC REPRESENTATION
Linkage 740-06/(2/r
a זכרון דברים.

No items available.

Powered by Koha